01021nam a2200181Ia 4500008004100000020001500041050002100056082002300077100004300100245006700143250001700210260003100227300001800258500004100276504002500317505048000342650001700822120626s1997 mx 000 0 spa d a968768154304aHF5635bH37 1997 a657.042 H367f 1999 aHatzacorsian Hovsepian, Vartkeseautor aFundamentos de contabilidad c/ Vartkes Hatzacorsian Hovsepian a2a edición aMéxicob: ECAFSAc, 1997 a429 páginas aReimpresión 1995, 1996, 1997, 2000 aIncluye bibliografia aFunción de la contabilidad El balance general El estado de resultados La partida doble La cuenta Registro de operaciones Sistema de inventarios perpetuos para el registro y control de mercancías El proceso formal de registro El proceso de registro y los instrumentos de la contabilidad sintética y analítica El sistema analítico o pormenorizado Valuación de inventarios Fondo de caja chica Registro del impuesto al valor agregado Asientos de ajuste Depreciación aCONTABILIDAD